[Event "GER-chT U14"]
[Site "Willingen"]
[Date "2022.08.13"]
[Round "1.9"]
[White "Apel, Linus"]
[Black "Reus, Nicholas"]
[Result "1/2-1/2"]
[WhiteElo "1488"]
[BlackElo "1663"]
[PlyCount "74"]
[EventDate "2022.08.13"]
[EventType "team-swiss"]
[EventRounds "7"]
[EventCountry "GER"]
[SourceTitle "EXT 2023"]
[Source "ChessBase"]
[SourceDate "2022.10.05"]
[SourceVersion "1"]
[SourceVersionDate "2022.10.05"]
[SourceQuality "1"]
[WhiteTeam "Erfurt USV"]
[BlackTeam "Stuttgart SF"]
[WhiteTeamCountry "GER"]
[BlackTeamCountry "GER"]

1. e4 c6 2. Nc3 d5 3. d4 dxe4 4. Nxe4 Bf5 5. Ng3 Bg6 6. Nf3 Nd7 7. c4 e6 8. Bd3 Bxd3 9. Qxd3 Ngf6 10. 0-0 Be7 11. b3 0-0 12. Bb2 a5 13. Rad1 Qc7 14. Rfe1 Rfe8 15. Ne4 Nxe4 16. Rxe4 Nf6 17. Rh4 h6 18. Bc1 Bf8 19. g4 g5 20. Nxg5 hxg5 21. Bxg5 Bg7 22. Re1 Rad8 23. Re3 e5 24. Qf5 Qd7 25. Qf3 Qxd4 26. Bxf6 Qd1+ 27. Kg2 Qxf3+ 28. Rxf3 e4 29. Rf5 Bxf6 30. Rxf6 Rd2 31. Rfh6 Re5 32. Rh8+ Kg7 33. R4h7+ Kf6 34. Rh6+ Ke7 35. Rb8 e3 36. Rxb7+ Kf8 37. Rf6 e2 1/2-1/2

[Event "GER-chT School WK 4"]
[Site "Playchess.com INT"]
[Date "2020.06.16"]
[Round "4.1"]
[White "Ensslinger, Colin"]
[Black "Apel, Linus"]
[Result "1-0"]
[WhiteElo "1971"]
[BlackElo "1660"]
[PlyCount "33"]
[EventDate "2020.06.16"]
[EventType "team-swiss (blitz)"]
[EventRounds "5"]
[EventCountry "GER"]
[SourceTitle "EXT 2021"]
[Source "ChessBase"]
[SourceDate "2020.10.23"]
[SourceVersion "1"]
[SourceVersionDate "2020.10.23"]
[SourceQuality "1"]
[WhiteTeam "Heilbronn Mayer Gymn"]
[BlackTeam "Erfurt Alb Schweitzer Gymn"]
[WhiteTeamCountry "GER"]
[BlackTeamCountry "GER"]

1. b3 e5 2. Bb2 Nc6 3. e3 Nf6 4. Bb5 d6 5. d4 exd4 6. Qxd4 Bd7 7. Bxc6 Bxc6 8. Nf3 Be7 9. Nbd2 b6 10. 0-0-0 a5 11. e4 0-0 12. Rhe1 a4 13. Nc4 axb3 14. axb3 b5 15. Ne3 Bb7 16. Nd5 Nxd5 17. Qxg7# 1-0

[Event "GER-chT School WK 4"]
[Site "Playchess.com INT"]
[Date "2020.06.16"]
[Round "2.1"]
[White "Pick, Max"]
[Black "Apel, Linus"]
[Result "1-0"]
[WhiteElo "1819"]
[BlackElo "1660"]
[PlyCount "139"]
[EventDate "2020.06.16"]
[EventType "team-swiss (blitz)"]
[EventRounds "5"]
[EventCountry "GER"]
[SourceTitle "EXT 2021"]
[Source "ChessBase"]
[SourceDate "2020.10.23"]
[SourceVersion "1"]
[SourceVersionDate "2020.10.23"]
[SourceQuality "1"]
[WhiteTeam "Kerpen SK"]
[BlackTeam "Erfurt Alb Schweitzer Gymn"]
[WhiteTeamCountry "GER"]
[BlackTeamCountry "GER"]

1. e4 e5 2. Nf3 Nc6 3. Bb5 Nf6 4. 0-0 a6 5. Bxc6 dxc6 6. Nc3 Bd6 7. d4 exd4 8. Qxd4 Be7 9. Qxd8+ Bxd8 10. Bf4 0-0 11. Rad1 Re8 12. Bg5 Bg4 13. e5 Bxf3 14. gxf3 Rxe5 15. Ne4 Re6 16. b3 Be7 17. Bxf6 Bxf6 18. Rd7 Be5 19. h3 b6 20. Rfd1 g6 21. Kg2 Kg7 22. Ng5 Rf6 23. Re1 Bd6 24. Ne4 Re6 25. Re2 Rae8 26. Rd2 h6 27. Nxd6 cxd6 28. R7xd6 Rxd6 29. Rxd6 Re6 30. Rd8 Re2 31. Ra8 Rxc2 32. Rb8 Rxa2 33. Rxb6 c5 34. Rc6 Ra3 35. Rxc5 Rxb3 36. Ra5 Rb6 37. Kg3 Kf6 38. f4 Ke6 39. f3 Kd6 40. Ra1 Rc6 41. Rd1+ Ke7 42. Re1+ Re6 43. Ra1 Rc6 44. Kg4 f5+ 45. Kg3 Kd7 46. h4 Ke7 47. Ra5 Kd7 48. h5 Kc7 49. hxg6 Rxg6+ 50. Kh4 Kb6 51. Rxf5 a5 52. Kh5 Rc6 53. Rf8 a4 54. f5 a3 55. f6 a2 56. Ra8 Rc2 57. f7 Rh2+ 58. Kg6 Rh1 59. f8Q a1Q 60. Rxa1 Rxa1 61. Qf6+ Kb5 62. Qxa1 Kc4 63. Qd1 Kc5 64. Kf5 h5 65. Ke5 h4 66. Qc2+ Kb6 67. Kd6 Kb5 68. Qb3+ Ka5 69. Kc6 h3 70. Qb5# 1-0

[Event "GER-ch U25-C"]
[Site "Willingen"]
[Date "2019.06.13"]
[Round "7"]
[White "Apel, Linus"]
[Black "Navarro Jahnke, Eric"]
[Result "1/2-1/2"]
[WhiteElo "1410"]
[BlackElo "1259"]
[PlyCount "52"]
[EventDate "2019.06.08"]
[EventType "swiss"]
[EventRounds "9"]
[EventCountry "GER"]
[SourceTitle "CBM 191 Extra"]
[Source "ChessBase"]
[SourceDate "2019.09.30"]
[SourceVersion "1"]
[SourceVersionDate "2019.09.30"]
[SourceQuality "1"]

1. e4 e6 2. d4 d5 3. Nc3 Bb4 4. e5 Bxc3+ 5. bxc3 Nc6 6. f4 Qh4+ 7. g3 Qd8 8. Nf3 Nge7 9. Bd3 0-0 10. g4 Bd7 11. h4 Re8 12. g5 Nf5 13. Kf2 Nce7 14. Ba3 Rb8 15. Bxe7 Qxe7 16. Qc1 c5 17. a3 Rbc8 18. Qd2 Ba4 19. h5 Rc7 20. Nh4 g6 21. Nf3 Rec8 22. Ra2 cxd4 23. cxd4 Rc3 24. hxg6 fxg6 25. Rb1 b6 26. Rb4 Bd7 1/2-1/2

[Event "GER-ch U25-C"]
[Site "Willingen"]
[Date "2019.06.11"]
[Round "4"]
[White "Apel, Linus"]
[Black "Foos, Vanessa"]
[Result "0-1"]
[WhiteElo "1410"]
[BlackElo "1207"]
[PlyCount "104"]
[EventDate "2019.06.08"]
[EventType "swiss"]
[EventRounds "9"]
[EventCountry "GER"]
[SourceTitle "CBM 191 Extra"]
[Source "ChessBase"]
[SourceDate "2019.09.30"]
[SourceVersion "1"]
[SourceVersionDate "2019.09.30"]
[SourceQuality "1"]

1. e4 d6 2. d4 Nf6 3. Nc3 g6 4. Nf3 Bg7 5. Be3 0-0 6. Qd2 Nbd7 7. Bh6 e5 8. h4 exd4 9. Nxd4 Re8 10. 0-0-0 Nxe4 11. Nxe4 Rxe4 12. Nf3 Qf6 13. c3 Bxh6 14. Qxh6 Qf4+ 15. Qxf4 Rxf4 16. Rd2 Nf6 17. Nd4 Ne4 18. Re2 f5 19. Nf3 Nc5 20. Re7 c6 21. Be2 Re4 22. Rxe4 Nxe4 23. Rf1 Bd7 24. Bd3 Re8 25. Bxe4 Rxe4 26. g3 f4 27. Kd2 fxg3 28. fxg3 Bg4 29. b3 Re7 30. Rf2 Rf7 31. Ke3 Rxf3+ 32. Rxf3 Bxf3 33. Kxf3 Kf7 34. Ke4 Ke6 35. b4 h6 36. g4 d5+ 37. Kf4 b6 38. a4 a6 39. Ke3 Ke5 40. Kf3 g5 41. h5 d4 42. c4 b5 43. axb5 axb5 44. cxb5 cxb5 45. Ke2 Ke4 46. Kd2 d3 47. Kd1 Kd4 48. Kd2 Ke4 49. Kd1 Kd4 50. Kd2 Kc4 51. Ke3 Kc3 52. Ke4 d2 0-1

[Event "GER-ch U25-C"]
[Site "Willingen"]
[Date "2019.06.09"]
[Round "2"]
[White "Apel, Linus"]
[Black "Jagodzinsky, Lukas"]
[Result "1-0"]
[WhiteElo "1410"]
[BlackElo "1026"]
[PlyCount "49"]
[EventDate "2019.06.08"]
[EventType "swiss"]
[EventRounds "9"]
[EventCountry "GER"]
[SourceTitle "CBM 191 Extra"]
[Source "ChessBase"]
[SourceDate "2019.09.30"]
[SourceVersion "1"]
[SourceVersionDate "2019.09.30"]
[SourceQuality "1"]

1. e4 e5 2. Nf3 Nf6 3. Nxe5 d6 4. Nf3 Nxe4 5. d4 Nc6 6. Bd3 d5 7. 0-0 Bd6 8. Re1 Bf5 9. Nc3 0-0 10. Nxe4 Bxe4 11. Bxe4 dxe4 12. Rxe4 Bc5 13. Bg5 Be7 14. Bxe7 Nxe7 15. c4 Re8 16. Qe2 h6 17. Re1 Kf8 18. Ne5 Nc6 19. Nxc6 bxc6 20. Qf3 Rxe4 21. Qxe4 Qd7 22. Qh7 f6 23. Qh8+ Kf7 24. Qxa8 Qxd4 25. Qe8# 1-0

[Event "GER-ch U10"]
[Site "Willingen"]
[Date "2018.05.25"]
[Round "9"]
[White "Korek, Jakob Alexander"]
[Black "Apel, Linus"]
[Result "1-0"]
[WhiteElo "1471"]
[BlackElo "1283"]
[PlyCount "106"]
[EventDate "2018.05.19"]
[EventType "swiss"]
[EventRounds "11"]
[EventCountry "GER"]
[SourceTitle "CBM 184 Extra"]
[Source "ChessBase"]
[SourceDate "2018.06.28"]
[SourceVersion "1"]
[SourceVersionDate "2018.06.28"]
[SourceQuality "1"]

1. e4 e5 2. Nf3 Nf6 3. Nc3 Nc6 4. d4 exd4 5. Nxd4 Be7 6. Nxc6 dxc6 7. Bf4 0-0 8. Qxd8 Rxd8 9. Bxc7 Re8 10. Bd3 Bb4 11. f3 Nd5 12. Bg3 Nxc3 13. bxc3 Bxc3+ 14. Kf2 Bxa1 15. Rxa1 Be6 16. a4 Rad8 17. a5 Rd7 18. Rb1 f6 19. Kf1 Kh8 20. Bf2 Ra8 21. Bc5 Kg8 22. Rb4 g6 23. g4 Kf7 24. Ke2 Kg7 25. Ke1 a6 26. Rb6 Rf7 27. Bd4 Rd8 28. Rb4 Kg8 29. Kf2 Kf8 30. h3 Kg8 31. Kg2 Kg7 32. g5 Rxd4 33. gxf6+ Rxf6 34. Rxd4 Kf7 35. Rb4 Bc8 36. h4 Ke7 37. Kg3 c5 38. Rb2 Rc6 39. Bc4 Kf6 40. f4 Ke7 41. Kf3 Rd6 42. Bd5 Rd7 43. c4 Kd6 44. Rb6+ Kc7 45. Be6 Rd4 46. Ke3 Bxe6 47. Rxe6 Rxc4 48. Re7+ Kb8 49. Rxh7 Rd4 50. e5 Rd8 51. e6 Re8 52. e7 Kc8 53. Ke4 Kd7 1-0

[Event "GER-ch U10"]
[Site "Willingen"]
[Date "2018.05.24"]
[Round "8"]
[White "Apel, Linus"]
[Black "Schreidl, Michael"]
[Result "1-0"]
[WhiteElo "1283"]
[BlackElo "1325"]
[PlyCount "189"]
[EventDate "2018.05.19"]
[EventType "swiss"]
[EventRounds "11"]
[EventCountry "GER"]
[SourceTitle "CBM 184 Extra"]
[Source "ChessBase"]
[SourceDate "2018.06.28"]
[SourceVersion "1"]
[SourceVersionDate "2018.06.28"]
[SourceQuality "1"]

1. e4 e5 2. Nf3 Nc6 3. Bc4 Bc5 4. Nc3 Nf6 5. d3 h6 6. 0-0 d6 7. Be3 Bxe3 8. fxe3 0-0 9. a3 Be6 10. Nd5 Re8 11. Qd2 Rc8 12. Rf2 Bxd5 13. exd5 Ne7 14. e4 Ng4 15. Rff1 Ng6 16. Rae1 Qd7 17. d4 exd4 18. Nxd4 N4e5 19. Be2 Rf8 20. Nf5 Ne7 21. Ng3 f5 22. exf5 Nxf5 23. Nxf5 Rxf5 24. c4 Rcf8 25. Rxf5 Rxf5 26. Rf1 Rxf1+ 27. Bxf1 Qa4 28. Qc3 Qd1 29. b3 Ng4 30. h3 Ne5 31. b4 b6 32. c5 bxc5 33. bxc5 Qxd5 34. cxd6 Qxd6 35. Qb3+ Kh7 36. Qc2+ Kh8 37. Qb3 Qb6+ 38. Qxb6 axb6 39. Kf2 Kg8 40. Ke3 Kf7 41. Kd4 Ke6 42. a4 Nc6+ 43. Kc4 Ne5+ 44. Kb5 Kd5 45. g4 Kd4 46. Bg2 c5 47. Kxb6 c4 48. a5 c3 49. a6 c2 50. a7 c1Q 51. a8Q Qc5+ 52. Kb7 Qb4+ 53. Kc7 Qc3+ 54. Kd8 Nf7+ 55. Ke8 Nd6+ 56. Kd7 Qc5 57. Qa1+ Kc4 58. Qc1+ Kb5 59. Qxc5+ Kxc5 60. Ke7 Nc4 61. Kf7 Ne3 62. Bb7 Kd4 63. Kxg7 Ke5 64. Kxh6 Kf4 65. g5 Nf5+ 66. Kg6 Nh4+ 67. Kh5 Nf5 68. Bc8 Ne7 69. Bg4 Ke5 70. Kh6 Ng8+ 71. Kh7 Ne7 72. h4 Kf4 73. Bd1 Nf5 74. g6 Kg3 75. h5 Kh4 76. g7 Ne7 77. h6 Kg5 78. Bb3 Kh5 79. g8Q Nxg8 80. Bxg8 Kg5 81. Kg7 Kf5 82. Be6+ Kxe6 83. h7 Kd5 84. h8Q Ke4 85. Qd8 Kf5 86. Qe7 Kf4 87. Qe6 Kg5 88. Qf6+ Kg4 89. Kf7 Kh5 90. Qg6+ Kh4 91. Kf6 Kh3 92. Kf5 Kh2 93. Kf4 Kh1 94. Kf3 Kh2 95. Qg2# 1-0

[Event "GER-ch U10"]
[Site "Willingen"]
[Date "2018.05.20"]
[Round "1"]
[White "Apel, Linus"]
[Black "Moeller, Maurin"]
[Result "0-1"]
[WhiteElo "1283"]
[BlackElo "1500"]
[PlyCount "56"]
[EventDate "2018.05.19"]
[EventType "swiss"]
[EventRounds "11"]
[EventCountry "GER"]
[SourceTitle "CBM 184 Extra"]
[Source "ChessBase"]
[SourceDate "2018.06.28"]
[SourceVersion "1"]
[SourceVersionDate "2018.06.28"]
[SourceQuality "1"]

1. e4 e5 2. Nf3 Nf6 3. Nc3 Bb4 4. d3 Nc6 5. Bd2 0-0 6. Be2 d6 7. a3 Bc5 8. 0-0 h6 9. Be3 Bb6 10. Qd2 Ng4 11. Nd5 Nxe3 12. Nxe3 Bxe3 13. fxe3 f5 14. exf5 Bxf5 15. e4 Bh7 16. Qe3 Qe7 17. Nd2 Nd4 18. Rac1 Qg5 19. Rxf8+ Rxf8 20. Qxg5 Nxe2+ 21. Kh1 hxg5 22. Re1 Nd4 23. c3 Ne6 24. Nf3 g4 25. Nd2 Rf2 26. Nc4 Nf4 27. Rd1 Nxd3 28. Kg1 Nxb2 0-1